Outer Banks Characters By Quotes - Statistics

General Stats
  • This quiz has been taken 2,619 times
  • The average score is 7 of 22
Answer Stats
Hint Answer % Correct
“Stop barking at the snakes!” John B
80%
"I love third-wheeling, it’s my favorite thing." JJ
77%
"I think we should kill them all." Rafe
77%
“I look like a bourgeoisie pig.” Kiara
75%
“Yeah, you have a death compass.” Pope
66%
"Don't make me drown you like your old man." Topper
61%
"You legitimately just offered me drugs?" Wheezie
48%
“I don’t trust anyone. Especially not with a trustee pass.” Sarah
37%
"And I don't like your friends!" Heyward
31%
"What you done? Was you late to tea time?" Barry
26%
"They're sure as hell gonna make you Sheriff now" Ward
24%
"Go live like a frickin' pogue" Anna Carrera
19%
"Just a scrape ya know, I went up and over" Cleo
17%
“You hang out with trash, you get dirty.” Mike Carrera
10%
"You just invaded the homeland, bro." Kelce
9%
"He's a thief is what he is" Luke
7%
"I can hear you, Leon. I've been waiting all night!" Mrs Crain
7%
"You were always slithering around" Rose
7%
"Get decent, sweetie. We need to talk." Sheriff Peterkin
6%
"...in a Kildare County Sheriff's vehicle." Deputy Shoupe
5%
"I should have told you a long time ago." Lana Grubbs
3%
"This ain't Zurich. Do I look Swiss to you?" Beck
1%
No matching quizzes found
Score Distribution
Percent of People with Each Score
Percentile by Number Answered
Your Score History
You have not taken this quiz